000 06809cam a22019454i 4500
003 PE-LiUPU
005 20250813165850.0
008 140917s2009 mx a r 001 0 spa d
020 _a9707293764
020 _a9789707293762
035 _a(Sirsi) i9789707293762
035 _a(Sirsi) 47429
035 _a(Sirsi) 47429
040 _aPE-LiUPU
_bspa
_cPE-LiUPU
_dPE-LiUPU
_erda
041 1 _aspa
_heng
082 0 4 _a615.1
_bS56
100 1 _aSimonsen, Terje.
245 1 0 _aFarmacología para licenciados en enfermería /
_cTerje Simonsen [y otros cuatro] ; traducido por Gabriela Enríquez Cotera ; editor responsable Martín Lazo de la Vega Sánchez.
264 1 _aMéxico :
_bManual Moderno,
_c2009.
300 _axii, 603 páginas :
_bilustraciones ;
_c23 centímetros +
_e01 CD-ROM
336 _atext
_2rdacontent
337 _aunmediated
_2rdamedia
338 _avolume
_2rdacarrier
505 0 _aFármacos y su uso -- Desarrollo de los fármacos -- Regulación y manejo del tratamiento farmacológico y errores de fármacos -- Clasificación y nomenclatura de los fármacos -- Factores que afectan la acción de los fármacos -- Farmacodinámica -- Farmacocinética -- Formulaciones y administración -- Efectos adversos -- Interacciones medicamentosas -- Variaciones individuales en las respuestas a los fármacos -- Dosificación -- Farmacología de los sistemas orgánicos --Estructura y función del sistema nervioso -- Fármacos utilizados en trastornos neurológicos -- Fármacos utilizados en trastornos psiquiátricos -- Fármacos con efectos analgésicos centrales y periféricos -- Fármacos utilizados en enfermedades articulares inflamatorias y autoinmunitarias Antibióticos -- Fármacos para el tratamiento de enfermedades cardiovasculares -- Fármacos para el tratamiento de enfermedades pulmonares -- Fármacos para el tratamiento de enfermedades gastrointestinales -- Fármacos utilizados en el tratamiento de enfermedades hematológicas -- Fármacos utilizados en el tratamiento de trastornos endocrinos -- Fármacos utilizados en alergias, para supresión inmunitaria y en el tratamiento del cáncer -- Fármacos utilizados en el tratamiento de trastornos funcionales de la vejiga, hiperplasia prostática y disfunción eréctil -- Fármacos utilizados en dermatología -- Fármacos en anestesia -- Fármacos utilizados en situaciones especiales -- El uso de fármacos durante el embarazo y en el periodo de lactancia -- Fármacos en la niñez -- Fármacos en el anciano -- Drogas de abuso - Intoxicación -- Bioética y farmacología en enfermería.
526 _aP203
526 _aP200
526 _aSEG65
526 _aSEG64
526 _aSEG63
526 _aSEG62
526 _aSEG61
526 _aSEG60
526 _aSEG59
526 _aSEG58
526 _aSEG57
526 _aSEG56
526 _aSEG55
526 _aSEG54
526 _aSEG53
526 _aSEG52
526 _aSEG51
526 _aSEG50
526 _aSEG49
526 _aSEG48
526 _aSEG47
526 _aSEG46
526 _aSEG24
526 _aSEG23
526 _aSEG22
526 _aSEG21
526 _aSEG20
526 _aSEG19
526 _aSEG18
526 _aSEG17
526 _aSEG16
526 _aSEG14
526 _aSEG13
526 _aSEG12
526 _aSEG11
526 _aSEG10
526 _aSEG09
526 _aSEG06
526 _aSEG05
526 _aSEG04
526 _aSEG03
526 _aSEG02
526 _aSEG68
526 _aSEG66
526 _aSEG45
526 _aSEG25
526 _aSEG01
526 _aP163
526 _aP162
526 _aP161
526 _aP160
526 _aP159
526 _aP158
526 _aP157
526 _aP156
526 _aP155
526 _aP154
526 _aP153
526 _aP152
526 _aP151
526 _aP150
526 _aP149
526 _aP142
526 _aP141
526 _aP140
526 _aP139
526 _aP138
526 _aP137
526 _aP132
526 _aP131
526 _aP130
526 _aP126
526 _aP125
526 _aP124
526 _aP123
526 _aP115
526 _aP122
526 _aP121
526 _aP116
526 _a P114
526 _aP112
526 _aP111
526 _aP104
526 _aP103
526 _aP102
526 _aP101
526 _aP100
526 _aP96
526 _aP95
526 _aP93
526 _aP92
526 _aP91
526 _aP88
526 _aP83
526 _aP82
526 _aP79
526 _aP78
526 _aP75
526 _aP74
526 _aP71
526 _aP69
526 _a P51
526 _aP49
526 _aP48
526 _aP47
526 _aP33
526 _aP31
526 _a P30
526 _aP29
526 _aP27
526 _aP26
526 _aP25
526 _aP24
526 _a P22
526 _aP10
526 _aP09
526 _a P08
526 _aP06
526 _aP05
526 _aP04
526 _aP01
534 _pTítulo Original :
_tIllustrated Pharmacololgy for Nurses.
650 1 4 _aFarmacología.
650 2 4 _aEnfermería.
_93122
700 1 _aEnríquez Cotera, Gabriela,
_etraductor.
700 1 _aLazo de la Vega Sánchez, Martín,
_eeditor.
942 _2ddc
_cBOOK
949 _a615.1 S56
_i65094
_lCCODEBUL1
_mBUL
_tLIBRO
_o.STAFF. Colección General
949 _a615.1 S56
_i67835
_lCCODEBUL1
_mBUL
_tLIBRO
_o.STAFF. Colección General
949 _a615.1 S56
_i70353
_lCCODEBUL1
_mBUL
_tLIBRO
_o.STAFF. Colección General
910 _agl
_bjv
_clch
_d20120708
910 _apeb
596 _a1
999 _a615.1 S56
_wDEWEY
_c53757
_i65094
_d53757
_e2022-5-15
_f2021-11-4
_g5
_lCCODEBUL1
_mBUL
_n11
_p74.00
_q6
_r0
_sY
_tBOOK
_u2015-7-6
_xSALUD
_zP22
_0COMPRA
_o.STAFF. Colección Ciencias de la Salud
999 _a615.1 S56
_wDEWEY
_c2
_i67835
_d2022-5-19
_e2019-9-8
_f2021-11-4
_g5
_lCCODEBUL1
_mBUL
_n11
_p74.00
_q6
_r0
_sY
_tBOOK
_u2015-7-6
_xSALUD
_zP22
_0COMPRA
_o.STAFF. Colección Ciencias de la Salud
999 _a615.1 S56
_wDEWEY
_c3
_i70353
_d2022-5-19
_e2019-4-29
_f2021-11-4
_g5
_lCCODEBUL1
_mBUL
_n10
_p68.00
_q3
_r0
_sY
_tBOOK
_u2015-7-31
_xSALUD
_zP22
_0COMPRA
_o.STAFF. Colección Ciencias de la Salud
999 _a615.1 S56
_wDEWEY
_c4
_i74134
_d2022-7-13
_e2022-7-6
_f2021-11-4
_g5
_lCCODEBUL1
_mBUL
_n12
_p68.00
_q6
_r0
_sY
_tBOOK
_u2016-8-8
_xSALUD
_zP22
_0COMPRA
_o.STAFF. Colección Ciencias de la Salud
980 _81
_gALBERTO SANCHEZ Responsable de Automatización